Muhammad The Message of Allah (Record no. 11042)

MARC details
000 -LEADER
fixed length control field 00610nam a2200241 a 4500
001 - CONTROL NUMBER
control field 0001-1042
003 - CONTROL NUMBER IDENTIFIER
control field ELIB.Books
008 - FIXED-LENGTH DATA ELEMENTS--GENERAL INFORMATION
fixed length control field 141121 2010 eng
020 ## - INTERNATIONAL STANDARD BOOK NUMBER
International Standard Book Number 9960473643
035 ## - SYSTEM CONTROL NUMBER
System control number (ELIB.Books)0001-1196
092 ## - LOCALLY ASSIGNED DEWEY CALL NUMBER (OCLC)
Classification number 297
Item number al-She
100 ## - MAIN ENTRY--PERSONAL NAME
Personal name al-Sheha
245 ## - TITLE STATEMENT
Title Muhammad The Message of Allah
260 ## - PUBLICATION, DISTRIBUTION, ETC. (IMPRINT)
Place of publication, distribution, etc. Hong Kong
Name of publisher, distributor, etc. Islamic Propagation Office
Date of publication, distribution, etc. 2005
300 ## - PHYSICAL DESCRIPTION
Extent 93
Dimensions 20 Cm
500 ## - GENERAL NOTE
General note Taylor, Saw.
650 ## - SUBJECT ADDED ENTRY--TOPICAL TERM
Topical term or geographic name as entry element Islam: Religion
856 ## - ELECTRONIC LOCATION AND ACCESS
Name of location of host KBTS; Library
Uniform Resource Identifier <a href="KBTS; Elib.">KBTS; Elib.</a>
942 ## - ADDED ENTRY ELEMENTS (KOHA)
Source of classification or shelving scheme Dewey Decimal Classification
Koha item type Books
990 ## - EQUIVALENCES OR CROSS-REFERENCES [LOCAL, CANADA]
Link information for 9XX fields 1
998 ## - LOCAL CONTROL INFORMATION (RLIN)
Cataloger's initials, CIN (RLIN) bat
-- 2014-11-21
Holdings
Withdrawn status Lost status Source of classification or shelving scheme Damaged status Not for loan Home library Current library Date acquired Total Checkouts Barcode Date last seen Bill Date Koha item type
    Dewey Decimal Classification     Karen Baptist Theological Seminary Library Karen Baptist Theological Seminary Library 21/11/2014   13041 22/01/2022 22/01/2022 Books
Implemented & Customized by: BestBookBuddies

Powered by Koha